Background Paper /
保存先:
| 団体著者: | |
|---|---|
| フォーマット: | 図書 |
| 言語: | English |
| 出版事項: |
Ottawa, Canadá
Canadian Institute for International Peace and Security
|
| 主題: | |
| タグ: |
タグ追加
タグなし, このレコードへの初めてのタグを付けませんか!
|
MARC
| LEADER | 00000nam a22000007a 4500 | ||
|---|---|---|---|
| 003 | cru CIDCACS/IIS | ||
| 005 | 20201023111302.0 | ||
| 007 | ta | ||
| 008 | 201023n -cn|||p|r||||||0| ||eng|d | ||
| 999 | |c 43454 |d 43454 | ||
| 040 | |c CRAI/IIS |a CRAI/IIS | ||
| 090 | |a REV0063 | ||
| 110 | 2 | |9 9680 |a Canadian Institute for International Peace and Security | |
| 245 | 1 | |a Background Paper / |c Canadian Institute for International Peace and Security | |
| 260 | |a Ottawa, Canadá |b Canadian Institute for International Peace and Security | ||
| 270 | |a 307 Gilmour Street, Ottawa | ||
| 500 | |a EXISTENCIAS : 1986 (8, 10) 1987 (11-12, 14-15) 1988 (16-23) 1989 (24-29) 1990 (34-35) 1991 (36-39) ESTADO DEL REGISTRO:Ya no se recibe | ||
| 650 | 1 | 7 | |9 9442 |a ARMAS NUCLEARES |
| 650 | 1 | 0 | |a POLITICA INTERNACIONAL |9 382 |
| 650 | 1 | 0 | |a PAZ |9 138 |
| 651 | 0 | |9 308 |a CENTROAMERICA | |
| 651 | 0 | |9 17 |a AMERICA LATINA | |
| 942 | |2 ddc |c PP | ||
